000
00308nam a22001337a 4500
008
250319b |||||||| |||| 00| 0 eng d
020
_a
9780595643
050
_a
PN59
_b
.A
100
_a
ASOBELE Timothy
245
_a
Langbasa
260
_a
Lagos
_b
Brintview Communication
_c
2001
300
_a
96p.
942
_c
BK
999
_c
2476
_d
2476